| 000 | 00871nam a2200253Ia 4500 | ||
|---|---|---|---|
| 999 |
_c50819 _d50819 |
||
| 001 | 17772 | ||
| 003 | GE_BSU | ||
| 005 | 20200224112530.0 | ||
| 008 | 181216s||||||||xx |||||||||||||| ||fre|| | ||
| 020 | _aISBN- 978-2011554352 | ||
| 040 | _cGE_BSU | ||
| 041 | _afre | ||
| 080 | _a811.133.1 L-58 | ||
| 245 |
_aLes 500 Exercices Grammaire: Niveau : _b Niveau: A 2 : Avec Corriges / _cAnne Akyuz ; Bernadette Bazelle-Shahmaei ; Joelle Bonenfant ; Marie-Francoise Gliemann . |
||
| 264 |
_aParis : _bHachette, _c2006. |
||
| 300 |
_a223 p; _c24 cm. |
||
| 653 | _aLes 500 Exercices Grammaire | ||
| 653 | _aფრანგული ენა(გრამატიკა) | ||
| 700 |
_aAkyuz, Anne _97365 |
||
| 700 |
_aBernadette , Bazelle-Shahmaei, _97366 |
||
| 700 |
_aBonenfant, Joelle _97367 |
||
| 700 |
_aGliemann, Marie-Francoise _97368 |
||
| 942 |
_cBK _2udc |
||